[Event "40th TCh-GRE 2012"]
[Site "Achaea GRE"]
[Date "2012.07.05"]
[Round "7.1"]
[White "Banikas,H"]
[Black "Tsarouhas,K"]
[Result "1-0"]
[WhiteElo "2626"]
[BlackElo "2205"]

1.c4 c6 2.Nf3 Nf6 3.Nc3 d5 4.e3 g6 5.d4 Bg7 6.Be2 O-O 7.O-O dxc4 8.Bxc4 Nbd7
9.h3 b5 10.Bd3 Re8 11.a4 b4 12.Ne4 a5 13.b3 Nxe4 14.Bxe4 Ba6 15.Re1 Rc8 16.Bb2 c5
17.Rc1 c4 18.bxc4 Bxc4 19.Nd2 Nb6 20.Nxc4 Nxc4 21.Ba1 Qd6 22.Qd3 Na3 23.Bb2 Red8
24.Rxc8 Rxc8 25.Ra1 e6 26.Bxa3 bxa3 27.Qxa3 Qxa3 28.Rxa3 Rc1+ 29.Kh2 Bf8
30.Ra2 Bd6+ 31.g3 Kf8 32.Kg2 Ke7 33.d5 Bb4 34.dxe6 Kxe6 35.Bc2 h6 36.Bb3+ Ke7
37.Re2 f5 38.Ra2 Kf6 39.Bc2 g5 40.Bb3 Ke5 41.Re2 Kf6 42.Bg8 Ke5 43.Ra2 Rc8
44.Bh7 Rc7 45.Bg6 Rc6 46.Be8 Rc8 47.Bb5 Rc1 48.Kf3 Rc3 49.Rd2 f4 50.Rd8 fxe3
51.fxe3 h5 52.Re8+ Kf5 53.Bd7+ Kf6 54.Re6+ Kf7 55.Re4 Be7 56.Re5 h4 57.gxh4 gxh4
58.Rf5+ Kg7 59.Bb5 Bc5 60.Bd3 Bd6 61.Rd5 Be7 62.Kf4 Rc5 63.Rd7 Kf6 64.Ra7 Bd6+
65.Kf3 Rg5 66.Ra6 Ke7 67.Ke4 Bb4 68.Rh6 Rg3 69.Rxh4 Bd2 70.Kd5 Rxe3 71.Be4 Rg3
72.Rh7+ Kf6 73.h4 Rg7 74.Rh5 Rd7+ 75.Kc4 Rc7+ 76.Kd3 Rd7+ 77.Ke2 Rd4 78.Bc2 Bb4
79.Kf3 Be1 80.Rh6+ Kg7 81.Rg6+ Kf7 82.h5 Bd2 83.Bb3+ Ke7 84.Ke2 Bc1 85.Ra6 Rb4
86.Bc2 Rd4 87.Bb3 Rd2+ 88.Kf1 Rd3 89.Bc2 Rc3 90.Bd1 Rd3 91.Be2 Rd5 92.h6 Rd6
93.Ra7+ Rd7 94.h7 Bb2 95.Rxa5 Kd6 96.Bd3 Ke7 97.Ke2 Kf7 98.Ra8 Re7+ 99.Kd1 Re3
100.Kc2 Bd4 101.h8=Q  1-0

[Event "NIKI Open 2012"]
[Site "Nachod CZE"]
[Date "2012.07.05"]
[Round "6.15"]
[White "Mejzlik,V"]
[Black "Pribyl,Jar2"]
[Result "0-1"]
[WhiteElo "2077"]
[BlackElo "1930"]

1.c4 c6 2.Nc3 d5 3.cxd5 cxd5 4.d4 Nf6 5.Nf3 Nc6 6.Bf4 e6 7.e3 Be7 8.Bd3 O-O
9.O-O b6 10.Ne5 Bb7 11.Rc1 Rc8 12.Nxc6 Rxc6 13.g4 Ne4 14.Bb5 Nxc3 15.bxc3 Rc8
16.Qe2 Bd6 17.Bxd6 Qxd6 18.f4 Qa3 19.Qc2 Ba6 20.Bxa6 Qxa6 21.e4 Rfe8 22.e5 Rc4
23.f5 b5 24.f6 Qa3 25.Qd2 g6 26.Rf3 Rxd4 27.Qh6 Rxg4+ 28.Rg3 Rxg3+ 29.hxg3 Qf8
30.Qh4 Qc5+ 31.Kg2 Qe3 32.Rh1 h5 33.g4 Qe4+ 34.Kf2 Qxg4 35.Qxg4 hxg4 36.Rb1 a6
37.a4 Rc8 38.axb5 axb5 39.Rxb5 Rc7 40.Rb3 Kh7 41.Kg3 g5 42.Rb8 Rc4 43.Rb4 Rxc3+
44.Kxg4 Rc4+ 45.Rxc4 dxc4  0-1

[Event "8th RUS-CHN Summit Women Classical"]
[Site "St Petersburg RUS"]
[Date "2012.07.05"]
[Round "4"]
[White "Huang Qian"]
[Black "Gunina,V"]
[Result "1/2-1/2"]
[WhiteElo "2443"]
[BlackElo "2533"]

1.c4 c6 2.Nf3 d5 3.d4 Nf6 4.Nc3 dxc4 5.a4 Bf5 6.Ne5 Nbd7 7.Nxc4 Qc7 8.g3 e5
9.dxe5 Nxe5 10.Bf4 Nfd7 11.Bg2 g5 12.Ne3 gxf4 13.Nxf5 O-O-O 14.Qc2 Nc5 15.O-O fxg3
16.hxg3 a5 17.Rfd1 h5 18.Rxd8+ Qxd8 19.Rd1 Qf6 20.Bh3 Kb8 21.Qd2 Be7 22.Qe3 Re8
23.Kf1 Ka8 24.Ne4 Nxe4 25.Qxe4 Bc5 26.e3 Qh8 27.Qc2 Bb4 28.Bg2 Qf6 29.Kg1 Ng4
30.b3 Re5 31.Nd4 h4 32.Nxc6 bxc6 33.Qe2 Qxf2+ 34.Qxf2 Nxf2 35.Bxc6+ Kb8 36.Kxf2 hxg3+
37.Kf3 Rg5 38.Kf4 Rg6 39.Bg2 Kc7 40.Kf5 Rh6 41.Kg4 Rg6+ 42.Kf5 Be7 43.Rd5 Kb6
44.Rb5+ Ka6 45.Rd5 Re6 46.Re5 Rf6+ 47.Kg4 Rg6+ 48.Kf3 Bb4 49.Rf5 f6 50.e4 Bc3
51.Rc5 Bb4 52.Rf5 Kb6 53.e5 fxe5 54.Rxe5 Bc5 55.Rf5 Rg7 56.Rd5 Re7 57.Rd3 Bf2
58.Kg4 Re2 59.Rd5 Be1 60.Kh3 Re3 61.Rb5+ Kc7 62.Rc5+ Kd6 63.Rd5+ Ke7 64.Rd4 Kf6
65.Re4  1/2-1/2

[Event "6th LCT GpA 2012"]
[Site "Leiden NED"]
[Date "2012.07.06"]
[Round "1.9"]
[White "Arun Prasad,S"]
[Black "Gieben,Stijn"]
[Result "1-0"]
[WhiteElo "2518"]
[BlackElo "2061"]

1.c4 c6 2.Nf3 Nf6 3.g3 d5 4.Bg2 Bf5 5.cxd5 cxd5 6.Qb3 Qb6 7.Qxb6 axb6 8.Nc3 Nc6
9.d3 e5 10.Nb5 Rc8 11.O-O Be7 12.Bg5 Nd7 13.Bxe7 Kxe7 14.Nh4 Be6 15.f4 f6
16.fxe5 Ndxe5 17.Nf5+ Bxf5 18.Rxf5 Nb4 19.Rf4 Nc2 20.Rb1 Ne3 21.Bh3 Rc5 22.Nc3 Nc6
23.d4 Rc4 24.Rf3 Nc2 25.e3  1-0

[Event "5th Int ch-Central Serbia 2012"]
[Site "Paracin SRB"]
[Date "2012.07.07"]
[Round "3.23"]
[White "Martinovic,Sl"]
[Black "Blazeka,M"]
[Result "1-0"]
[WhiteElo "2447"]
[BlackElo "2216"]

1.c4 c6 2.d4 d5 3.Nf3 Nf6 4.Qc2 e6 5.g3 Ne4 6.Bg2 Nd7 7.O-O Bd6 8.b3 b5 9.Nbd2 Nxd2
10.Nxd2 Bb7 11.e4 O-O 12.Bb2 Be7 13.c5 f5 14.exd5 exd5 15.Rfe1 g6 16.Nf3 Bf6
17.Re6 Qc7 18.Rae1 Rf7 19.Bc1 Rd8 20.Bg5 Rdf8 21.Qd2 Qc8 22.Qf4 Bd8 23.Bxd8 Rxd8
24.Ng5 Rg7 25.Re7 Rxe7 26.Rxe7 Re8 27.Qe3 Nf6 28.Qe5 Qd7 29.Rxd7  1-0

[Event "8th RUS-CHN Summit Men Rapid"]
[Site "St Petersburg RUS"]
[Date "2012.07.07"]
[Round "4"]
[White "Jakovenko,D"]
[Black "Li Chao2"]
[Result "0-1"]
[WhiteElo "2736"]
[BlackElo "2687"]

1.c4 c6 2.d4 d5 3.Nc3 Nf6 4.e3 g6 5.Nf3 Bg7 6.Be2 O-O 7.O-O dxc4 8.Bxc4 Bg4
9.Be2 Qb6 10.Qc2 Nbd7 11.Rd1 c5 12.d5 e5 13.e4 Qd6 14.b3 a6 15.a4 Ne8 16.Nd2 Bxe2
17.Nxe2 Qe7 18.Nc4 Nd6 19.Nc3 b6 20.Bg5 f6 21.Bh4 h5 22.f3 Bh6 23.Qe2 Rfb8
24.Nxd6 Qxd6 25.Nb1 c4 26.bxc4 b5 27.axb5 axb5 28.Rxa8 Rxa8 29.cxb5 Rc8 30.Bf2 Qb4
31.Qd3 Qb2 32.d6 Rc2 33.Rf1 Kg7 34.b6 Nc5 35.Qd1 Rxf2 36.Rxf2 Be3 37.d7 Qxf2+
38.Kh1 Nb7 39.Nc3 Bxb6 40.Ne2 Ba5 41.d8=Q  0-1

[Event "16th Godesburg Open"]
[Site "Bad Godesberg GER"]
[Date "2012.07.08"]
[Round "2.11"]
[White "Jordans,R"]
[Black "Broehl,S"]
[Result "1/2-1/2"]
[WhiteElo "1899"]
[BlackElo "2131"]

1.c4 c6 2.Nf3 d5 3.e3 Nf6 4.h3 a6 5.Nc3 g6 6.d4 Bg7 7.Bd3 O-O 8.Qb3 e6 9.c5 Nbd7
10.Na4 Qe7 11.Nb6 Nxb6 12.cxb6 Nd7 13.Bd2 e5 14.Bb4 c5 15.dxc5 Nxc5 16.Bxc5 Qxc5
17.Be2 Qa5+ 18.Kf1 Be6 19.Ng5 Rac8 20.Nxe6 fxe6 21.g3 Rc6 22.Kg2 Rxb6 23.Qc3 Qa4
24.Bd1 Qe4+ 25.f3 Qf5 26.g4 Qf7 27.Rb1 e4 28.Qd2 exf3+ 29.Kf2 Qf6 30.h4 h5
31.g5 Qf5 32.Bc2 Qg4 33.Rbg1 Qb4 34.Qxb4 Rxb4 35.b3 Kh7 36.Rg3 Rc8 37.Bb1 d4
38.Rxf3 dxe3+ 39.Kxe3 Rg4 40.Rf7 Rc3+ 41.Kd2 Rg2+ 42.Kd1 Rb2 43.Be4 b5 44.Re7 Rxa2
45.Rxe6 Rxb3 46.Bxg6+ Kg8 47.Re8+ Bf8 48.Rf1 Ra1+ 49.Kc2 Rxf1 50.Kxb3 Rf3+
51.Ka2 Rf4 52.Bxh5 Rxh4 53.Bf3 Rh2+ 54.Kb1 Rd2 55.Be4 Rd4 56.Bc2 a5 57.Rb8 Rb4+
58.Ka2 Kg7 59.Rb7+  1/2-1/2

[Event "35th Barbera Open A"]
[Site "Barbera del Valles ESP"]
[Date "2012.07.08"]
[Round "5.1"]
[White "Turov,M"]
[Black "Escobar Forero,A"]
[Result "1-0"]
[WhiteElo "2642"]
[BlackElo "2487"]

1.c4 c6 2.d4 d5 3.Nc3 Nf6 4.Nf3 a6 5.c5 Nbd7 6.Bf4 Nh5 7.Bd2 Nhf6 8.Bg5 b6
9.b4 bxc5 10.bxc5 Qa5 11.Qd2 e5 12.e3 Qc7 13.Be2 Be7 14.O-O O-O 15.Bh4 Ne4
16.Qc2 Bxh4 17.Nxh4 f5 18.Na4 f4 19.Nf3 Ra7 20.Rab1 exd4 21.exd4 g5 22.Ne1 Qa5
23.Nd3 Nd2 24.Nb4 Nxb1 25.Nxc6 Qd2 26.Qxd2 Nxd2 27.Nxa7 Nxf1 28.Kxf1 Nf6
29.Nb6 Bb7 30.c6 Rf7 31.Bf3 Ba8 32.Nxd5 Ne8 33.Bh5 Nd6  1-0

[Event "Werner-Ott-Open 2012"]
[Site "Berlin GER"]
[Date "2012.07.08"]
[Round "2.4"]
[White "Kalinitschew,S"]
[Black "Hahlbohm,M"]
[Result "1-0"]
[WhiteElo "2439"]
[BlackElo "2078"]

1.c4 c6 2.e4 d5 3.exd5 cxd5 4.cxd5 Qxd5 5.Nc3 Qd8 6.d4 e6 7.Nf3 Nf6 8.Bc4 a6
9.a4 Bd6 10.O-O O-O 11.Bg5 h6 12.Bh4 Nbd7 13.Qe2 Re8 14.Ne5 Qa5 15.f4 Bb4
16.Rac1 Be7 17.Nxf7 Bc5 18.Nxh6+ gxh6 19.Bxe6+ Kg7 20.dxc5 Qxc5+ 21.Kh1 Qf8
22.f5 Kh8 23.Ne4 Ng8 24.Qd2 Ndf6 25.Nxf6 Nxf6 26.Qd4 Kg7 27.Rc7+ Re7 28.Bxf6+  1-0

[Event "St. Pauli Open 2012"]
[Site "Hamburg GER"]
[Date "2012.07.08"]
[Round "2.9"]
[White "Carlstedt,J"]
[Black "Steingraeber,Kai-Uwe"]
[Result "1-0"]
[WhiteElo "2352"]
[BlackElo "2114"]

1.c4 c6 2.g3 d5 3.Bg2 Nf6 4.Nf3 dxc4 5.O-O Nbd7 6.Qc2 Nb6 7.a4 a5 8.Na3 Be6
9.Ng5 Bg4 10.Nxc4 Bxe2 11.Ne5 Bh5 12.Re1 e6 13.g4 Nxg4 14.Bxc6+ bxc6 15.Qxc6+ Ke7
16.Ng6+ Kf6 17.Rxe6+  1-0

[Event "NIKI Open 2012"]
[Site "Nachod CZE"]
[Date "2012.07.08"]
[Round "9.24"]
[White "Mejzlik,V"]
[Black "Kuru,M"]
[Result "1-0"]
[WhiteElo "2077"]
[BlackElo "1852"]

1.c4 c6 2.Nc3 d5 3.cxd5 cxd5 4.d4 Bf5 5.Qb3 Qd7 6.Qxd5 Nf6 7.Qxd7+ Bxd7 8.e4 e6
9.e5 Nd5 10.Nxd5 exd5 11.Bd2 Nc6 12.Bc3 Be7 13.Ne2 f6 14.O-O-O Rc8 15.Kb1 Bf5+
16.Ka1 Nb4 17.Bxb4 Bxb4 18.Nf4 fxe5 19.Bb5+ Kf8 20.dxe5 Bc5 21.Rxd5 Rd8 22.Bc4 Ke7
23.Rhd1 Bxf2 24.Rxd8 Rxd8 25.Nd5+ Ke8 26.e6 a6 27.Rf1 Bd3 28.Rxf2 Bxc4 29.Nc7+ Ke7
30.Rf7+ Kd6 31.e7  1-0

[Event "9th South Wales Int"]
[Site "Penarth WLS"]
[Date "2012.07.08"]
[Round "3.4"]
[White "Jaunooby,A"]
[Black "Duncan,C"]
[Result "1-0"]
[WhiteElo "2165"]
[BlackElo "2318"]

1.c4 c6 2.d4 d5 3.Nf3 Nf6 4.Nc3 dxc4 5.a4 c5 6.d5 Bf5 7.Nh4 Be4 8.Bg5 Nbd7
9.f3 h6 10.Bxf6 Bh7 11.Bd4 cxd4 12.Qxd4 Qb6 13.Qxb6 axb6 14.g3 g5 15.Ng2 Bg7
16.e4 g4 17.Be2 Nc5 18.Bxc4 gxf3 19.Bb5+ Kd8 20.Ne3 Nxe4 21.Ned1 h5 22.Rf1 f2+
23.Ke2 h4 24.g4 Be5 25.Nxe4 Bxe4 26.Rxf2 Bxd5 27.Ne3 Be6 28.Rd1+ Bd6 29.Nf5 Rc8
30.Nxd6 Bxg4+ 31.Ke1 exd6 32.Rxf7 Bxd1 33.Rd7+ Ke8 34.Rh7+  1-0

[Event "8th RUS-CHN Summit Men Rapid"]
[Site "St Petersburg RUS"]
[Date "2012.07.08"]
[Round "7"]
[White "Vitiugov,N"]
[Black "Li Chao2"]
[Result "1-0"]
[WhiteElo "2703"]
[BlackElo "2687"]

1.c4 c6 2.Nf3 Nf6 3.d4 d5 4.Qb3 dxc4 5.Qxc4 g6 6.Nc3 Bg7 7.e4 O-O 8.h3 b5
9.Qb3 a5 10.e5 a4 11.Qc2 Nd5 12.Nxd5 cxd5 13.Bd3 Qb6 14.Be3 Nc6 15.Qd2 b4
16.O-O Na5 17.Rfc1 Ba6 18.Bxa6 Rxa6 19.Qd3 Qb7 20.b3 e6 21.Rc5 Nc6 22.Rac1 axb3
23.axb3 Rc8 24.Bg5 Bf8 25.R5c2 Na7 26.Rxc8 Nxc8 27.Qc2 Na7 28.Qc7 Qxc7 29.Rxc7 h6
30.Bf6 Nb5 31.Rc8 Ra7 32.Kh2 Rc7 33.Rb8 Na7 34.Ra8 Nc8 35.Rb8 g5 36.Bd8 Rc3
37.h4 g4 38.Nd2 f5 39.Nf1 Kf7 40.Ng3 Na7 41.Rb7+ Ke8 42.Bb6 Nc6 43.Nh5 Be7
44.Nf6+ Kf7 45.Bc5 Rxc5 46.dxc5 d4 47.Nh5 d3 48.Nf4 Nxe5 49.Nxd3 Nxd3 50.c6 Ke8
51.Rb8+ Kf7 52.c7 Bd6+ 53.Kg1 Bxc7 54.Rb7 f4 55.Rxc7+ Kf6 56.Rc4 e5 57.Kf1 Kf5
58.f3 gxf3 59.gxf3 e4 60.Rxe4 h5 61.Rd4 Ne5 62.Ke2 Ng6 63.Rd5+  1-0

[Event "8th RUS-CHN Summit Men Rapid"]
[Site "St Petersburg RUS"]
[Date "2012.07.08"]
[Round "10"]
[White "Tomashevsky,E"]
[Black "Li Chao2"]
[Result "1-0"]
[WhiteElo "2733"]
[BlackElo "2687"]

1.c4 c6 2.Nf3 Nf6 3.d4 d5 4.e3 g6 5.Nc3 Bg7 6.Be2 O-O 7.O-O dxc4 8.Bxc4 Bg4
9.Be2 c5 10.d5 Nbd7 11.e4 Ne8 12.Bf4 Nd6 13.Nd2 Bxe2 14.Qxe2 Qb6 15.Rab1 e5
16.Be3 Qd8 17.Nb5 Ne8 18.a4 f5 19.f3 a6 20.Nc3 Rb8 21.b4 cxb4 22.Rxb4 Qa5
23.Rfb1 Nd6 24.Nc4 Nxc4 25.Rxc4 b5 26.axb5 axb5 27.Rc6 b4 28.Nd1 fxe4 29.fxe4 b3
30.Qd2 Qa3 31.Rc3 Rf7 32.Qb2 Qa5 33.Nf2 Bf8 34.Rxb3 Rc8 35.Rb7 Bc5 36.Qe2 Rcf8
37.Ng4 Kh8 38.R7b5 Qa7 39.Rxc5 Nxc5 40.Nxe5 Rb7 41.Rd1 Qa3 42.Bd4 Kg8 43.Ng4 Rf4
44.h3 h5 45.Nf6+ Kf8 46.Rf1 Rxf1+ 47.Qxf1 Rf7 48.e5 Qb4 49.Qf4 Nd3 50.Qe3 Qe1+
51.Qxe1 Nxe1 52.e6 Rb7 53.d6  1-0

[Event "14th Torredembarra Open"]
[Site "Torredembarra ESP"]
[Date "2012.07.08"]
[Round "9.2"]
[White "Martinez Duany,L"]
[Black "Luke Brezmes,C"]
[Result "1-0"]
[WhiteElo "2468"]
[BlackElo "2074"]

1.c4 c6 2.e4 d5 3.exd5 cxd5 4.cxd5 Nf6 5.Nc3 Nxd5 6.Nf3 Nc6 7.Bc4 e6 8.d4 Be7
9.O-O O-O 10.Re1 a6 11.Bb3 Nxc3 12.bxc3 Bf6 13.Qd3 b5 14.Bc2 g6 15.h4 Qd5
16.Ng5 Bb7 17.Qg3 Ne7 18.h5 Nf5 19.Qg4 Nh6 20.Qh3 Bxg5 21.Re5 Qxg2+ 22.Qxg2 Bxg2
23.Bxg5 Ng4 24.Kxg2 Nxe5 25.dxe5 Rfc8 26.hxg6 fxg6 27.Bb3 Kf7 28.Rd1 Ra7
29.Rd6 Re8 30.Rb6 a5 31.Rxb5 a4 32.Bd1 Rc8 33.Be3 Rd7 34.Bd4 h5 35.Bxa4 g5
36.Rb6 Re7 37.Bb3  1-0

[Event "86th ch-ARG 2012"]
[Site "La Plata ARG"]
[Date "2012.07.09"]
[Round "8.16"]
[White "Mansilla,Martin"]
[Black "Negri,Sa"]
[Result "0-1"]
[WhiteElo "2037"]
[BlackElo "2188"]

1.c4 c6 2.Nf3 Nf6 3.Nc3 d5 4.e3 e6 5.Qc2 Nbd7 6.b3 Bd6 7.Bb2 O-O 8.d4 Qe7
9.Be2 Re8 10.O-O dxc4 11.Bxc4 e5 12.Ng5 Rf8 13.Nce4 Nxe4 14.Nxe4 Bc7 15.a4 Ba5
16.Ba3 Bb4 17.Bxb4 Qxb4 18.Ng5 g6 19.Qe4 exd4 20.Qh4 h5 21.g4 Ne5 22.gxh5 Qe7
23.Be2 d3 24.hxg6 f6 25.Nf7 Nxg6 26.Qh6 Rxf7 27.Kh1 dxe2 28.Rg1 Qe4+  0-1

[Event "6th LCT GpA 2012"]
[Site "Leiden NED"]
[Date "2012.07.09"]
[Round "4.8"]
[White "Sundararajan,K"]
[Black "Rijnaarts,S"]
[Result "1/2-1/2"]
[WhiteElo "2459"]
[BlackElo "2319"]

1.c4 c6 2.Nf3 d5 3.g3 Nf6 4.Bg2 Bg4 5.Ne5 Bf5 6.cxd5 cxd5 7.Nc3 Nc6 8.Qa4 Bd7
9.Nxd7 Qxd7 10.O-O e6 11.d3 Be7 12.e4 O-O 13.Bg5 dxe4 14.dxe4 Rad8 15.Rac1 Ng4
16.Rfd1 Qe8 17.Rxd8 Qxd8 18.Bxe7 Qxe7 19.h3 Nge5 20.Rd1 h5 21.Qa3 Qxa3 22.bxa3 Rd8
23.Rxd8+ Nxd8 24.f4 Nd7 25.e5 Kf8 26.Kf2 Ke7 27.Nb5 a6 28.Nd6 Nc5 29.Ke3 Kd7
30.Bf3 g6 31.a4 b6 32.a5 bxa5 33.Kd4 Na4 34.Nb7 Nxb7 35.Bxb7 Nb6 36.Bxa6 h4
37.gxh4 Nd5 38.h5 gxh5 39.f5 Nf4 40.Bb5+ Kc7 41.fxe6 Nxe6+ 42.Ke4 Ng5+ 43.Kf5 Nxh3
44.Bc4 Nf2 45.Bxf7 h4 46.Bd5 h3 47.Kf4 Nd3+ 48.Kg3  1/2-1/2

[Event "5th Int ch-Central Serbia 2012"]
[Site "Paracin SRB"]
[Date "2012.07.09"]
[Round "4.1"]
[White "Pap,G"]
[Black "Bogosavljevic,B"]
[Result "1/2-1/2"]
[WhiteElo "2566"]
[BlackElo "2520"]

1.c4 c6 2.Nf3 Nf6 3.Nc3 d5 4.e3 e6 5.b3 Nbd7 6.Qc2 Bd6 7.Bb2 O-O 8.Rg1 b5
9.cxd5 exd5 10.Nd4 b4 11.Na4 c5 12.Nf5 Nb6 13.Bb5 Nxa4 14.Bxa4 d4 15.Bb5 Be5
16.O-O-O g6 17.Qxc5 Bxf5 18.Qxe5 Qa5 19.Qxf6 Qxb5 20.e4 Bxe4 21.d3 Bxd3 22.Bxd4 Rac8+
23.Kd2 Rc2+ 24.Ke3 Re8+ 25.Kf3 Qf5+ 26.Kg3 Qxf6 27.Bxf6 Bf5 28.Rd4 Rxa2 29.Rxb4 Ra6
30.Re1 Rae6 31.Rxe6 Bxe6 32.Rb7 a5 33.f3 h6 34.h4 Kh7 35.Bc3 Ra8 36.Rb5 Bd7
37.Rxa5 Rxa5 38.Bxa5 g5 39.h5 f5 40.Bd2 Be8 41.f4 Bxh5 42.fxg5 hxg5 43.Bxg5 Kg6
44.Kf4 Be2 45.b4 Bd3 46.g3 Kf7 47.Ke5 Ke8 48.Ke6 Kf8 49.Kd7 Kf7 50.Kc6 Be4+
51.Kc7 Bd3 52.Kb6 Ke6 53.b5 Kd7 54.Kc5 Kc7 55.b6+ Kb7 56.Bf4 Bb1  1/2-1/2

[Event "ch-NOR 2012"]
[Site "Sandefjord NOR"]
[Date "2012.07.09"]
[Round "3.7"]
[White "Ostenstad,B"]
[Black "Haarr,J"]
[Result "1-0"]
[WhiteElo "2484"]
[BlackElo "2239"]

1.c4 c6 2.e4 d5 3.cxd5 cxd5 4.exd5 Nf6 5.Nc3 Nxd5 6.Nf3 Nc6 7.Bb5 e6 8.O-O Be7
9.d4 O-O 10.Re1 Nf6 11.Bg5 h6 12.Bh4 a6 13.Bxc6 bxc6 14.Na4 Rb8 15.Qc2 Rb5
16.Rad1 Bb7 17.b3 Qa5 18.Ne5 Rd8 19.Nc4 Qc7 20.Bg3 Qd7 21.Ncb6 Qe8 22.Bc7 Rxd4
23.Rxd4 c5 24.Rdd1 Qc6 25.f3 Qxc7 26.Nc4 Nd5 27.Nab2 Ba8 28.Nd3 Bf6 29.Nde5 Rb8
30.Qd2 Rb4 31.Kh1 a5 32.Rb1 Bg5 33.Qc2 Bh4 34.Re2 Bf6 35.Rf1 Nf4 36.Ree1 Nd5
37.Qf2 Nf4 38.Qd2 Nd5 39.f4 g6 40.Qf2 Kg7 41.Qd2 h5 42.Rc1 h4 43.h3 a4 44.Nd3 Rb8
45.bxa4 Ne7 46.Nce5 Rd8 47.Qf2 Nf5 48.Nxc5 Qa5 49.Rfd1 Ng3+ 50.Kh2 Bd5 51.Ned7 Rxd7
52.Nxd7 Ne4 53.Qe3 Bb2 54.Nb6 Bxc1 55.Rxc1 Bb7 56.Rc7 Qa6 57.Qd4+ Kg8 58.Qd7  1-0

[Event "Minsk Open 2012"]
[Site "Minsk BLR"]
[Date "2012.07.10"]
[Round "1.1"]
[White "Khalifman,A"]
[Black "Mamchenko,Sergei"]
[Result "1-0"]
[WhiteElo "2642"]
[BlackElo "2014"]

1.c4 c6 2.Nf3 d5 3.e3 Nf6 4.Nc3 Bf5 5.cxd5 Nxd5 6.d4 e6 7.Bc4 Nd7 8.O-O N7f6
9.Nh4 Bg6 10.Nxg6 hxg6 11.g3 Nxc3 12.bxc3 Qa5 13.Qe2 Ne4 14.Bb2 Nxc3 15.Bxc3 Qxc3
16.Rab1 Rb8 17.Ba6 Ba3 18.Bxb7 O-O 19.Qa6 Bd6 20.Rfc1 Qd2 21.Rxc6 Bb4 22.Qxa7 Ba5
23.Qa6 Rfe8 24.Rc5 Bb4 25.Rb5 Be7 26.R5b2 Qc3 27.a4 Bf6 28.Rb3 Qd2 29.Qd3 Qa5
30.Qb5 Qd2 31.a5 Ra8  1-0

[Event "34th Oberwart Open A"]
[Site "Oberwart AUT"]
[Date "2012.07.10"]
[Round "4.8"]
[White "Lizak,P"]
[Black "Froewis,G"]
[Result "0-1"]
[WhiteElo "2438"]
[BlackElo "2366"]

1.c4 c6 2.d4 d5 3.Nc3 Nf6 4.Nf3 e6 5.Qb3 dxc4 6.Qxc4 b5 7.Qd3 a6 8.g3 Bb7
9.Bg2 c5 10.O-O cxd4 11.Qxd4 Nbd7 12.Bg5 Bc5 13.Bxf6 Bxd4 14.Bxd8 Bxf3 15.Bxf3 Rxd8
16.Rac1 Ke7 17.Rfd1 Ne5 18.Bb7 Bxc3 19.Rxd8 Rxd8 20.Rxc3 Rd2 21.f4 Nd7 22.Bxa6 Rxb2
23.a3 Kd6 24.e4 Nc5 25.e5+ Kd5 26.Bc8 Ra2 27.f5 Kd4 28.fxe6 fxe6 29.Rf3 Kxe5
30.h4 Ke4 31.Rf4+ Kd5 32.Rf7 Rxa3 33.Rxg7 b4 34.Rg4 b3 35.Rb4 Ra7 36.Rb6 Kc4
37.g4 Kc3 38.Bxe6 Nxe6 39.Rxe6 b2 40.Rb6 Ra4  0-1

[Event "34th Oberwart Open A"]
[Site "Oberwart AUT"]
[Date "2012.07.10"]
[Round "4.31"]
[White "Reinwald,P"]
[Black "Ruescher,C"]
[Result "1-0"]
[WhiteElo "2198"]
[BlackElo "2014"]

1.c4 c6 2.Nf3 d5 3.d4 Nf6 4.Nc3 dxc4 5.a4 Bf5 6.Ne5 Na6 7.e3 Nb4 8.Bxc4 e6
9.O-O Bd6 10.Bd2 Qc7 11.f4 h5 12.h3 O-O-O 13.Qe2 Nbd5 14.Bxd5 exd5 15.Nb5 Qe7
16.Nxa7+ Kc7 17.Ba5+ b6 18.Naxc6 Qe6 19.Bxb6+ Kxb6 20.Qb5+ Kc7 21.Qa5+ Kc8
22.Qa6+ Kc7 23.Qa7+  1-0

[Event "5th Int ch-Central Serbia 2012"]
[Site "Paracin SRB"]
[Date "2012.07.10"]
[Round "6.27"]
[White "Tscharotschkin,M"]
[Black "Lukovic,V"]
[Result "1/2-1/2"]
[WhiteElo "2176"]
[BlackElo "2329"]

1.c4 c6 2.e4 d5 3.exd5 cxd5 4.cxd5 Nf6 5.Nc3 Nxd5 6.d4 g6 7.Bb5+ Bd7 8.Qb3 Nb6
9.Nf3 Bg7 10.O-O O-O 11.Bxd7 N8xd7 12.Re1 Nf6 13.a4 Qd6 14.Nb5  1/2-1/2

[Event "4th Rethymno Open"]
[Site "Rethymno GRE"]
[Date "2012.07.10"]
[Round "5.18"]
[White "Postny,E"]
[Black "Nadig,K"]
[Result "1-0"]
[WhiteElo "2653"]
[BlackElo "2206"]

1.c4 c6 2.Nc3 d5 3.d4 Nf6 4.Nf3 e6 5.Bg5 h6 6.Bxf6 Qxf6 7.Qc2 Nd7 8.e4 dxc4
9.Bxc4 e5 10.O-O Be7 11.d5 O-O 12.dxc6 bxc6 13.Rac1 Nc5 14.Na4 Ne6 15.Bxe6 Bxe6
16.Nc5 Bg4 17.Nd2 Rfd8 18.Ndb3 Rab8 19.Rfe1 Bc8 20.Qc3 Qg5 21.Re3 Bd6 22.Rg3 Qe7
23.Rd3 Bc7 24.h3 Bd6 25.Na5 Qc7 26.Rcd1 Kh7 27.Nc4 Bxc5 28.Rxd8 Bd4 29.R1xd4 exd4
30.Rxd4 Be6 31.b3 Bxc4 32.Rxc4 Rd8 33.Qc2 Rc8 34.e5+ g6 35.Qe4 Qd7 36.Rd4 Qe7
37.f4 Rd8 38.Kh2 Rxd4 39.Qxd4 Qh4 40.e6 fxe6 41.Qxa7+ Kg8 42.Qb8+ Kf7 43.Qc7+ Kg8
44.a4 Qf2 45.a5 Qf1 46.b4 Kh8 47.Qb8+ Kh7 48.b5 e5 49.Qxe5 h5 50.b6  1-0

[Event "4th Rethymno Open"]
[Site "Rethymno GRE"]
[Date "2012.07.10"]
[Round "5.24"]
[White "Theodorou,Nikolas"]
[Black "Kekki,P"]
[Result "0-1"]
[WhiteElo "2079"]
[BlackElo "2365"]

1.c4 c6 2.Nc3 d5 3.cxd5 cxd5 4.d4 Nf6 5.Nf3 Nc6 6.e3 g6 7.Bb5 Bd7 8.Qb3 a6
9.Bd3 Rc8 10.Ne5 e6 11.Nxd7 Qxd7 12.O-O Bd6 13.f4 O-O 14.Qd1 b5 15.Bd2 Qa7
16.Qe2 b4 17.Na4 Ne4 18.b3 a5 19.Rfc1 Nxd2 20.Qxd2 Nxd4 21.Rxc8 Rxc8 22.Bxg6 hxg6
23.exd4 Rc2 24.Qd3 Bxf4 25.Rd1 Rxa2 26.Nc5 Qe7 27.g3 Bh6 28.Qf3 Qg5 29.Nd3 Qe3+
30.Qxe3 Bxe3+ 31.Kh1 g5 32.Ne5 a4 33.Ng4 Bd2 34.bxa4 b3 35.Rb1 b2 36.Kg2 Bc1
37.Nf6+ Kg7 38.Ne4 dxe4 39.d5 exd5  0-1

[Event "7th Wroclaw Open A"]
[Site "Wroclaw POL"]
[Date "2012.07.10"]
[Round "9.10"]
[White "Paszewski,M"]
[Black "Kaunas,K"]
[Result "1/2-1/2"]
[WhiteElo "2028"]
[BlackElo "2247"]

1.c4 c6 2.g3 d5 3.Bg2 Nf6 4.Nf3 Bf5 5.b3 e6 6.O-O Be7 7.Bb2 O-O 8.d3 a5 9.a3 Nbd7
10.Nbd2 h6 11.Qc2 Nc5 12.Rfd1 Nfd7 13.Qc3 Bf6 14.d4 Ne4 15.Nxe4 Bxe4 16.Ne5 Bxe5
17.Bxe4 Bf6 18.Bg2 a4 19.e4 dxe4 20.Bxe4 axb3 21.Qxb3 Qb6 22.Qc2 Nc5 23.Rab1 Nxe4
24.Qxe4 Ra4 25.Bc3 Qc7 26.Bb4 Rb8 27.d5 exd5 28.cxd5 cxd5 29.Rxd5 Qc6 30.Rbd1 Raa8
31.Qg4 Rd8 32.Rd6 Rxd6 33.Rxd6 Qc1+ 34.Qd1 Rc8 35.Qxc1 Rxc1+ 36.Kg2 Rc7 37.Rb6 Bd4
38.Rb5 Rc2 39.Be1 b6 40.a4 g5 41.a5 bxa5 42.Rxa5 Kg7 43.Rd5 Bc5 44.Rd2 Rc1
45.Re2 Kg6 46.g4 h5 47.gxh5+ Kxh5 48.h3 Kg6 49.f3 Rc4 50.Bf2 Bf8 51.Bg3 f6
52.Bf2 Kf5 53.Bg3 Bc5 54.Bf2 Bd6 55.Bg3 Bf4 56.Kf2 Rd4 57.Kg2 Kg6 58.Bf2 Rc4
59.Be1 f5 60.Bf2 Kh5 61.Be1 Ra4 62.Bf2 Ra3 63.Be1 g4 64.hxg4+ fxg4 65.fxg4+ Kxg4
66.Re8 Ra2+ 67.Bf2 Bg5 68.Rg8  1/2-1/2

[Event "34th Oberwart Open A"]
[Site "Oberwart AUT"]
[Date "2012.07.11"]
[Round "5.13"]
[White "Handler,L"]
[Black "Rieger,R"]
[Result "1-0"]
[WhiteElo "2384"]
[BlackElo "2153"]

1.c4 c6 2.e4 d5 3.exd5 cxd5 4.d4 Nf6 5.Nc3 Nc6 6.Nf3 Bg4 7.cxd5 Nxd5 8.Bc4 e6
9.O-O Be7 10.h3 Bh5 11.Bxd5 exd5 12.g4 Bg6 13.Qb3 Be4 14.Nxe4 dxe4 15.Qxb7 Rc8
16.Ne5 Qc7 17.Qxc7 Rxc7 18.Nxc6 Rxc6 19.Re1 Re6 20.Bf4 Bb4 21.Re2 Kd7 22.d5 Re7
23.Rc1 Ba5 24.Rc4 Rhe8 25.Be3 Kd6 26.Rc6+ Ke5 27.d6 Kd5  1-0

[Event "2nd Polugaevsky Mem"]
[Site "Samara RUS"]
[Date "2012.07.11"]
[Round "7.30"]
[White "Kabanova,E"]
[Black "Bykova,Anastasia"]
[Result "1-0"]
[WhiteElo "2164"]
[BlackElo "2005"]

1.c4 c6 2.Nf3 Nf6 3.b3 d5 4.Bb2 Bf5 5.d3 h6 6.Nbd2 e6 7.Qc2 a5 8.a3 Nbd7
9.Rc1 Be7 10.h3 O-O 11.g4 Bg6 12.Rg1 Nh7 13.e3 Rc8 14.Be2 b5 15.Nd4 e5 16.Nf5 Bxf5
17.gxf5 Bd6 18.Bg4 Qe7 19.Ra1 Nhf6 20.Ke2 e4 21.dxe4 dxe4 22.Rad1 Rcd8 23.Kf1 Bxa3
24.Bxa3 Qxa3 25.Be2 Qc5 26.Nxe4 Qxf5 27.Nxf6+ Qxf6 28.cxb5 cxb5 29.Bxb5 Ne5
30.Be2 Rxd1+ 31.Qxd1 Qc6 32.Qd4 f6 33.Qa7 Qd7 34.Qxa5 Qxh3+ 35.Ke1 Nf3+ 36.Bxf3 Qxf3
37.Qc7 Rf7 38.Qc4 Qf5 39.Rg4 g5 40.Rd4 Kg7 41.b4 Qf3 42.Rd8 Qb7 43.b5 h5
44.Qc6 Qxc6 45.bxc6 Kg6 46.Rd7 Rf8 47.c7 Rc8 48.e4 g4 49.f4 h4 50.Kf2 Kh6
51.e5 fxe5 52.fxe5 Kg6 53.e6 Rf8+ 54.Kg1 Rc8 55.e7 Kf7 56.Rd8  1-0

[Event "ch-NOR 2012"]
[Site "Sandefjord NOR"]
[Date "2012.07.11"]
[Round "6.8"]
[White "Holm,Kristian Stuvik"]
[Black "Haarr,J"]
[Result "1-0"]
[WhiteElo "2310"]
[BlackElo "2239"]

1.c4 c6 2.Nf3 Nf6 3.Nc3 d5 4.d4 e6 5.Bg5 h6 6.Bxf6 Qxf6 7.e3 g6 8.Rc1 Nd7
9.Bd3 dxc4 10.Bxc4 Bg7 11.e4 e5 12.d5 O-O 13.O-O Nb6 14.dxc6 bxc6 15.Be2 Rd8
16.Qc2 Bb7 17.a4 Rac8 18.Rfd1 Nd7 19.a5 Qe7 20.Na4 Qb4 21.Bc4 c5 22.Rd6 Bc6
23.b3 Bxa4 24.bxa4 Nf8 25.Ra6 Qb7 26.Rb1 Qe7 27.h3 Kh7 28.Rd1 Rxd1+ 29.Qxd1 Rd8
30.Qb3 Rd7 31.Bd5 g5 32.Nd2 Ng6 33.g3 Qf8 34.Nf1 Rc7 35.Ne3 Qc8 36.Qc4 Qxh3
37.Bxf7 Nf4 38.gxf4 gxf4 39.Be6 Qh4 40.Bf5+ Kh8 41.Ng2 Qd8 42.Qd5 Qb8 43.Rd6 Qb1+
44.Kh2 Bf8 45.Qxe5+ Rg7 46.Rxh6+  1-0